Palabras en ocasión de la entrega del doctorado honoris causa a Franz Hinkelammert /
Gorde:
| Egile nagusia: | |
|---|---|
| Beste egile batzuk: | |
| Formatua: | Liburua |
| Hizkuntza: | Spanish |
| Sarrera elektronikoa: | https://revistas.ucr.ac.cr/index.php/anuario/article/view/26959/27134 |
| Etiketak: |
Etiketa erantsi
Etiketarik gabe, Izan zaitez lehena erregistro honi etiketa jartzen!
|
MARC
| LEADER | 00000nam a22000007a 4500 | ||
|---|---|---|---|
| 003 | cru CIDCACS/IIS | ||
| 005 | 20210819111929.0 | ||
| 007 | ta | ||
| 008 | 180221s2016 cr |||||r||||||0| ||spa|d | ||
| 040 | |c cru CIDCACS/IIS | ||
| 100 | 1 | |a Fernández Nadal, Estela |9 6696 | |
| 245 | 1 | |a Palabras en ocasión de la entrega del doctorado honoris causa a Franz Hinkelammert / |c semblanza por Estela Fernández Nadal; bibliografía por Carlos Molina Velásquez | |
| 300 | |a páginas 483-507 | ||
| 500 | |a Colección Centroamérica | ||
| 700 | 1 | |a Molina Velásquez, Carlos |9 6697 | |
| 773 | 0 | |0 18765 |9 1811 |a Universidad de Costa Rica |d San José, Costa Rica: Editorial Universidad de Costa Rica, 1974- |o 18831 |t Anuario de Estudios Centroaméricanos / |x 03777316 | |
| 856 | |u https://revistas.ucr.ac.cr/index.php/anuario/article/view/26959/27134 | ||
| 942 | |2 ddc |c PP | ||
| 999 | |c 41049 |d 41049 | ||
